Städte und Gemeinden im Landkreis Emsland mit Karte - Statistiken

Allgemein
  • Dieses Quiz wurde 637 mal gespielt
  • Das Durchschnittsergebnis liegt bei 28 aus 60
Antworten auf der Karte
Die Antworten werden auf der Karte rot bzw. grün angezeigt, abhängig davon wie oft sie richtig erraten wurden.
 
Antwortstatistiken
Stadt oder Gemeinde % Korrekt
Lingen
95%
Meppen
95%
Papenburg
92%
Haren
71%
Haselünne
70%
Dörpen
66%
Geeste
63%
Salzbergen
63%
Sögel
63%
Emsbüren
62%
Lathen
62%
Twist
59%
Werlte
59%
Herzlake
56%
Rhede
56%
Esterwegen
52%
Spelle
52%
Börger
51%
Lahn
51%
Freren
50%
Bawinkel
48%
Heede
48%
Lorup
47%
Surwold
46%
Neubörger
44%
Sustrum
44%
Lehe
43%
Lengerich
43%
Niederlangen
43%
Walchum
43%
Neulehe
42%
Breddenberg
41%
Dersum
41%
Langen
41%
Oberlangen
41%
Vrees
40%
Wippingen
40%
Groß Berßen
39%
Klein Berßen
39%
Lähden
39%
Rastdorf
39%
Thuine
39%
Stavern
38%
Bockhorst
37%
Handrup
37%
Kluse
37%
Werpeloh
37%
Fresenburg
36%
Hüven
33%
Lünne
32%
Spahnharrenstätte
31%
Renkenberge
30%
Wettrup
30%
Andervenne
29%
Beesten
29%
Schapen
27%
Dohren
26%
Gersten
26%
Hilkenbrook
26%
Messingen
26%
Keine übereinstimmenden Quizze gefunden
Verteilung der Resultate
Anzahl Personen mit jedem Resultat
Perzentil nach korrekt beantworteten Fragen
Ihre Resultats-Entwicklung
Sie haben dieses Quiz noch nicht gespielt